Universities and the life of the mind (Record no. 70894)

MARC details
000 -LEADER
fixed length control field 00767cam a22002651 4500
001 - CONTROL NUMBER
control field sa 66007052
003 - CONTROL NUMBER IDENTIFIER
control field DLC
005 - DATE AND TIME OF LATEST TRANSACTION
control field 20260227112301.0
008 - FIXED-LENGTH DATA ELEMENTS--GENERAL INFORMATION
fixed length control field 740808s1965 ii b 000 0 eng
010 ## - LIBRARY OF CONGRESS CONTROL NUMBER
LC control number sa 66007052
015 ## - NATIONAL BIBLIOGRAPHY NUMBER
National bibliography number GB66-18747
025 ## - OVERSEAS ACQUISITION NUMBER
Overseas acquisition number PL480:I-E-6216
035 ## - SYSTEM CONTROL NUMBER
System control number (OCoLC)974688
040 ## - CATALOGING SOURCE
Original cataloging agency DLC
Transcribing agency OAU
Modifying agency OCoLC
-- Uk
-- DLC
042 ## - AUTHENTICATION CODE
Authentication code premarc
050 00 - LIBRARY OF CONGRESS CALL NUMBER
Classification number LB2321
Item number .S3
082 ## - DEWEY DECIMAL CLASSIFICATION NUMBER
Classification number 378.01
100 1# - MAIN ENTRY--PERSONAL NAME
Personal name Saiyidain, Khwaja Ghulam,
Dates associated with a name 1904-1971.
245 10 - TITLE STATEMENT
Title Universities and the life of the mind
Statement of responsibility, etc. [by] K.G. Saiyidain.
260 ## - PUBLICATION, DISTRIBUTION, ETC.
Place of publication, distribution, etc. Bombay,
-- New York,
Name of publisher, distributor, etc. Asia Pub. House
Date of publication, distribution, etc. [c1965]
300 ## - PHYSICAL DESCRIPTION
Extent 236 p.
Dimensions 23 cm.
504 ## - BIBLIOGRAPHY, ETC. NOTE
Bibliography, etc. note Bibliographical footnotes.
650 #0 - SUBJECT ADDED ENTRY--TOPICAL TERM
Topical term or geographic name entry element Education, Higher
General subdivision Aims and objectives.
650 #0 - SUBJECT ADDED ENTRY--TOPICAL TERM
Topical term or geographic name entry element Formal discipline.

No items available.

Powered by Koha